Andrés Bello (Record no. 142886)

MARC details
000 -LEADER
campo de control de longitud fija 00600nam a2200193 i 4500
001 - NÚMERO DE CONTROL
campo de control 142886
003 - IDENTIFICADOR DE NÚMERO DE CONTROL
campo de control ES-MaACL
007 - CAMPO FIJO DE DESCRIPCIÓN FÍSICA--INFORMACIÓN GENERAL
campo de control de longitud fija t|
008 - DATOS DE LONGITUD FIJA--INFORMACIÓN GENERAL
campo de control de longitud fija 071010s1982 sp ||||1| spa d
100 1# - ENTRADA PRINCIPAL--NOMBRE DE PERSONA
Nombre de persona Vidal Muñoz, Santiago.
9 (RLIN) 114504
245 10 - MENCIÓN DEL TÍTULO
Título Andrés Bello
Resto del título : americanista y filósofo /
Mención de responsabilidad, etc. Santiago Vidal Muñoz.
260 ## - PUBLICACIÓN, DISTRIBUCIÓN, ETC.
Lugar de publicación, distribución, etc. Madrid :
Nombre del editor, distribuidor, etc. Oriens,
Fecha de publicación, distribución, etc. 1982.
300 ## - DESCRIPCIÓN FÍSICA
Extensión 120 p. ;
Dimensiones 21 cm.
490 1# - MENCIÓN DE SERIE
Mención de serie Hombres, sistemas, técnicas ;
Designación de volumen o secuencia 11
600 14 - PUNTO DE ACCESO ADICIONAL DE MATERIA--NOMBRE DE PERSONA
Nombre de persona Bello, Andrés.
9 (RLIN) 27233
830 0# - PUNTO DE ACCESO ADICIONAL DE SERIE-TÍTULO UNIFORME
Título uniforme Hombres, sistemas, técnicas ;
Designación de volumen o secuencia 11
9 (RLIN) 220282
852 ## - LOCALIZACIÓN
Ubicación ES-MaACL
Número de control de estantería L-3446
Sublocalización o colección R.104027
Holdings
Estatus retirado Estado de pérdida Estado de daño No para préstamo Biblioteca de origen Biblioteca actual Ubicación en estantería Fecha de adquisición Fuente de adquisición Total de préstamos Signatura topográfica completa Código de barras Visto por última vez Precio de reemplazo Tipo de ítem Koha
        Biblioteca del Ateneo de Madrid Biblioteca del Ateneo de Madrid Depósito 2 17/01/2008     L-3446 1148668 23/02/2023 23/02/2023 Libro impreso